[Event "Kalamata NOK op 1st "]
[Site "Kalamata"]
[Date "2011.05.01"]
[Round "5"]
[White "Malamas, Georgios"]
[Black "Moutzouris, Iasonas"]
[Result "0-1"]
[WhiteElo "1550"]
[BlackElo "1704"]
[PlyCount "80"]
[EventDate "2011.04.29"]
[EventType "swiss"]
[EventRounds "5"]
[EventCountry "GRE"]
[SourceTitle "EXT 2024"]
[Source "ChessBase"]
[SourceDate "2023.10.10"]
[SourceVersion "1"]
[SourceVersionDate "2023.10.10"]
[SourceQuality "1"]

1. f4 e5 2. fxe5 d6 3. exd6 Bxd6 4. Nf3 Nf6 5. Nc3 0-0 6. d4 Bg4 7. Qd3 Nc6 8. a3 Bxf3 9. gxf3 Nxd4 10. Bg5 h6 11. Be3 Nc6 12. 0-0-0 Ne5 13. Qf5 Qe7 14. Bd4 g6 15. Rg1 Kh7 16. Qh3 Nc4 17. Qh4 g5 18. Rxg5 Bxa3 19. Bxf6 Bxb2+ 20. Kb1 Qxf6 21. Ne4 Qa6 22. c3 Qa1+ 23. Kc2 Ne3+ 24. Kd3 Qxd1+ 25. Kxe3 Bc1+ 26. Kf2 Bxg5 27. Nxg5+ Kg7 28. Ne4 Qd8 29. Qg3+ Kh7 30. Bh3 f5 31. Qe5 fxe4 32. Bf5+ Rxf5 33. Qxf5+ Kg7 34. Qe5+ Qf6 35. Qxc7+ Kh8 36. f4 Rf8 37. Ke3 Qb6+ 38. Qxb6 axb6 39. Kxe4 Kg7 40. e3 Kf6 0-1

[Event "GRE-ch U20"]
[Site "Kalamata"]
[Date "2008.01.06"]
[Round "5"]
[White "Moutzouris, Iasonas"]
[Black "Tzouganakis, Panteleimon"]
[Result "0-1"]
[WhiteElo "1275"]
[BlackElo "1610"]
[PlyCount "106"]
[EventDate "2008.01.02"]
[EventType "swiss"]
[EventRounds "7"]
[EventCountry "GRE"]
[SourceTitle "EXT 2010"]
[Source "ChessBase"]
[SourceDate "2010.11.25"]
[SourceVersion "1"]
[SourceVersionDate "2010.11.25"]
[SourceQuality "1"]

1. e4 Nf6 2. e5 Nd5 3. d4 d6 4. c4 Nb6 5. exd6 cxd6 6. Nc3 g6 7. Be3 Bg7 8. Rc1 0-0 9. b3 Nc6 10. Nf3 Bg4 11. Be2 d5 12. c5 Nc8 13. 0-0 e6 14. h3 Bxf3 15. Bxf3 N8e7 16. Ne2 Nf5 17. Qd2 Qd7 18. b4 Nh4 19. Kh2 Nxf3+ 20. gxf3 e5 21. Rg1 Qf5 22. f4 exf4 23. Bxf4 Rfe8 24. Be3 Ne7 25. Ng3 Qd7 26. Bh6 Nf5 27. Bxg7 Nxg3 28. Rxg3 Kxg7 29. Rcg1 Re4 30. Re3 Qc7+ 31. Kh1 f5 32. Rxe4 fxe4 33. Qg5 Rf8 34. Rg2 Qf7 35. Kh2 Qd7 36. Qg4 Qxg4 37. hxg4 Rf3 38. Kg1 Rd3 39. Rg3 Rxd4 40. a3 Kf6 41. Rc3 Rc4 42. Re3 a5 43. Rh3 axb4 44. axb4 Rxb4 45. Rxh7 Rb5 46. Rd7 Rxc5 47. Rxb7 Kg5 48. Rb6 Rc1+ 49. Kg2 d4 50. Rb5+ Kxg4 51. Rb4 Rd1 52. Rb2 Kf4 53. f3 e3 0-1

[Event "GRE-ch U20"]
[Site "Kalamata"]
[Date "2008.01.05"]
[Round "4"]
[White "Stavrianakis, Ioannis"]
[Black "Moutzouris, Iasonas"]
[Result "1-0"]
[WhiteElo "1965"]
[BlackElo "1275"]
[PlyCount "57"]
[EventDate "2008.01.02"]
[EventType "swiss"]
[EventRounds "7"]
[EventCountry "GRE"]
[SourceTitle "EXT 2010"]
[Source "ChessBase"]
[SourceDate "2010.11.25"]
[SourceVersion "1"]
[SourceVersionDate "2010.11.25"]
[SourceQuality "1"]

1. d4 d5 2. c4 dxc4 3. Nc3 Nf6 4. e3 e6 5. Bxc4 c5 6. Nf3 Nc6 7. 0-0 a6 8. a4 b6 9. b3 Bb7 10. Bb2 Be7 11. Ne2 0-0 12. Rc1 Rc8 13. Ng3 Qd7 14. Qe2 a5 15. Bb5 Rfd8 16. dxc5 Bxc5 17. Bxf6 gxf6 18. Nh4 Kh8 19. Ne4 Be7 20. Qb2 e5 21. Ng3 Rg8 22. Nhf5 Rg6 23. Rfd1 Qe8 24. Bd3 Rg8 25. Be4 Rc7 26. Qe2 Bf8 27. Qb5 Qc8 28. Qxb6 Qb8 29. Bxc6 1-0